01105nam a22003017a 45000010005000000030006000050050017000110080041000280200018000690400029000870500019001160820011001351000024001462450056001702500033002262600037002593000048002964900016003445050008003605200162003685210029005305210020005596500029005797000035006089420015006439990015006589520130006739836FISKH20260304093957.0260304b cb ||||| |||| 00| 0 eng d a9780789498984 aFISKHbengcFISKHdFISKH aGV850 .A2 .B83 a796.91 aJr. , James Buckley aIce skating stars /cWritten by James Buckley , Jr. aFirst American Edtion , 2004 aLondon :bDK Children , c2004 . a32 pages : bcolor illustrations ;c23 cm . aDK Readers  aS  aContains an introduction to ice skaters, in simple text with illustrations, including brief biographical sketches on some of the sports biggest female stars.8 a800 bLexile estimate 8 aS bRaz-Plus  aIce skatingvNon-fiction aSutinis , BetheSenior Editor  2ddccBKn0 c9836d9836 00102ddc40708NFICa002b002cSNSd2026-03-04l0oJR. 796.91 GV850 .A2 .B83pFIS01272r2026-03-04 09:39:53w2026-03-04yBK